000 00592nam a2200241Ia 4500
003 OSt
005 20221007065553.0
006 a|||||r|||| 00| 0
007 ta
008 221006b |||||||| |||| 00| 0 eng d
024 _a6,881
037 _cTextual
040 _aFLL
_cFLL
_beng
041 _2eng
_aeng
082 _aZ2,94, P1
100 _aBasu S.D.
245 0 _aLaw of evidence
250 _a1st
260 _aFaridabad
_bAllahabad Law Agency India
_c2001
300 _ax,435p
_ccm.
942 _hZ2,94, P1
_cTEXL
_2CC
999 _c1137696
_d1137696